000
00318nam a2200133Ia 4500
008
230917s9999||||xx |||||||||||||| ||und||
040
_e
119535
_a
MAIN
041
_a
English
082
_a
547.139 M896K
100
_a
Mukhragi
245
0
_a
Reaction mechanism in organic Chemistry
300
_a
388p. p.
942
_c
BK
999
_c
231750
_d
231750